00627nam a22002057a 45000050016000000100028000160200026000440350027000700370013000970370018001100820011001281000016001392450057001552600034002122700046002463000025002925000050003176500024003676500030003912010080302452.0 aENG-97879 B-424495-518 a9788120339644c275.00 aEN-81412 B-424495-518 bDBAD/PUB bBlueberry/Ven a372.21 aGupta,M Sen aEarly childhood care and education /cby M Sen Gupta aNew DelhibPHI Learningc2009 aM-97, Connaught CircusbNew Delhie110001 axvii,301pc23cm(pbk) aincludes bibliographical references and index achild care services aearly childhood education